Racismo y mestizaje

Αποθηκεύτηκε σε:
Λεπτομέρειες βιβλιογραφικής εγγραφής
Μορφή: Κείμενο
Έκδοση: s.l: s.n
Θέματα:
Ετικέτες: Προσθήκη ετικέτας
Δεν υπάρχουν, Καταχωρήστε ετικέτα πρώτοι!

MARC

LEADER 00000 a a2200000 04500
001 28967
003
040
090 |a 0004 D286d  
245 |a Racismo y mestizaje  
260 |a s.l:   |b s.n  
300 |a 384 p  
650 |a DISCRIMINACION RACIAL  
650 |a SITUACION JURIDICA  
650 |a TEORIA SOCIAL  
999 |c 15176  |d 15176